[Event "Augustow qual zone MPJ+OOM U15"]
[Site "Augustow"]
[Date "2009.10.08"]
[Round "8.1"]
[White "Sikora, Rafal"]
[Black "Galaszewski, Patryk"]
[Result "1/2-1/2"]
[WhiteElo "1664"]
[BlackElo "1779"]
[PlyCount "66"]
[EventDate "2009.10.04"]
[EventType "swiss"]
[EventRounds "9"]
[EventCountry "POL"]
[SourceTitle "EXT 2023"]
[Source "ChessBase"]
[SourceDate "2022.10.05"]
[SourceVersion "1"]
[SourceVersionDate "2022.10.05"]
[SourceQuality "1"]

1. e4 g6 2. d4 Bg7 3. Nc3 d6 4. f4 c6 5. Nf3 Nf6 6. Bd2 0-0 7. Bd3 Nbd7 8. Qe2 b5 9. Nd1 e6 10. Nf2 Bb7 11. c3 a6 12. 0-0 c5 13. Rac1 Re8 14. e5 dxe5 15. dxe5 Nd5 16. c4 Nb4 17. Bxb4 cxb4 18. Ne4 bxc4 19. Bxc4 Bxe4 20. Qxe4 Bf8 21. Rfd1 Qb6+ 22. Kh1 Nc5 23. Qe1 Red8 24. Ng5 a5 25. Rc2 h6 26. Nh3 Rxd1 27. Qxd1 Rd8 28. Rd2 Rxd2 29. Qxd2 Ne4 30. Qe2 Qd4 31. Bd3 Nc5 32. Bb5 Ne4 33. Bd3 Nc5 1/2-1/2

[Event "Augustow qual zone MPJ+OOM U15"]
[Site "Augustow"]
[Date "2009.10.05"]
[Round "2.4"]
[White "Gora, Jan"]
[Black "Sikora, Rafal"]
[Result "1/2-1/2"]
[WhiteElo "1806"]
[BlackElo "1664"]
[PlyCount "27"]
[EventDate "2009.10.04"]
[EventType "swiss"]
[EventRounds "9"]
[EventCountry "POL"]
[SourceTitle "EXT 2023"]
[Source "ChessBase"]
[SourceDate "2022.10.05"]
[SourceVersion "1"]
[SourceVersionDate "2022.10.05"]
[SourceQuality "1"]

1. e4 e5 2. Nf3 Nc6 3. d4 exd4 4. Nxd4 Bc5 5. Be3 Qf6 6. c3 Nge7 7. Bc4 0-0 8. 0-0 Bb6 9. Kh1 Qg6 10. Nd2 Ne5 11. Be2 d5 12. Bh5 Qf6 13. f4 N5c6 14. e5 1/2-1/2

[Event "Rewal op-B 14th"]
[Site "Rewal"]
[Date "2009.08.28"]
[Round "8"]
[White "Sikora, Rafal"]
[Black "Starczewski, Sebastian"]
[Result "1/2-1/2"]
[WhiteElo "1615"]
[BlackElo "1934"]
[PlyCount "65"]
[EventDate "2009.08.20"]
[EventType "swiss"]
[EventRounds "9"]
[EventCountry "POL"]
[SourceTitle "EXT 2011"]
[Source "ChessBase"]
[SourceDate "2010.11.26"]
[SourceVersion "1"]
[SourceVersionDate "2010.11.26"]
[SourceQuality "1"]

1. e4 d5 2. exd5 Qxd5 3. Nc3 Qa5 4. Bc4 Nf6 5. Nge2 c6 6. d3 Bf5 7. Bf4 Nbd7 8. 0-0 e6 9. Ng3 Bg6 10. a3 Qd8 11. Re1 Nb6 12. Ba2 Bd6 13. Bxd6 Qxd6 14. Qf3 h5 15. Nge4 Qe7 16. b4 Nxe4 17. Nxe4 Bxe4 18. dxe4 g6 19. Qe3 0-0 20. Bb3 Rac8 21. c3 c5 22. Rac1 Rc6 23. Re2 a6 24. g3 Rfc8 25. Rec2 Na8 26. Kf1 Nc7 27. Ba4 Nb5 28. Bxb5 axb5 29. Qe2 Ra6 30. Qxb5 Rxa3 31. bxc5 Rxc5 32. Qb4 Ra8 33. Rb1 1/2-1/2